MARC details
| 000 -CABECERA |
| campo de control de longitud fija |
01805cab a2200277 ab4500 |
| 005 - FECHA Y HORA DE LA ÚLTIMA TRANSACCIÓN |
| campo de control |
20250924063905.0 |
| 008 - ELEMENTOS DE LONGITUD FIJA--INFORMACIÓN GENERAL |
| campo de control de longitud fija |
991125c2015 cl tr p o 000 0 spa d |
| 035 ## - NÚMERO DE CONTROL DEL SISTEMA |
| Número de control de sistema |
UPN01000208006 |
| 040 ## - FUENTE DE LA CATALOGACIÓN |
| Centro catalogador/agencia de origen |
MX-MxUPN |
| Lengua de catalogación |
spa |
| Centro/agencia transcriptor |
MX-MxUPN |
| Normas de descripción |
aacr2 |
| 049 ## - COLECCIÓN |
| Colección |
ART-E |
| 100 1# - ASIENTO PRINCIPAL--NOMBRE PERSONAL |
| Nombre de persona |
Moreno Romero, Liliana Leticia |
| 100 1# - ASIENTO PRINCIPAL--NOMBRE PERSONAL |
| Filiación |
lilianaleticiamorenoromero@gmail.com |
| 100 1# - ASIENTO PRINCIPAL--NOMBRE PERSONAL |
| Nombre de persona |
Rochera Villach, María José |
| 245 10 - MENCIÓN DE TÍTULO |
| Título |
Congruencias y discrepancias entre concepciones y prácticas evaluativas con uso de TIC |
| Medio |
[recurso electrónico en línea] |
| 506 0# - NOTA DE RESTRICCIONES AL ACCESO |
| Limitaciones de acceso |
Acceso abierto |
| 520 3# - NOTA DE RESUMEN, ETC. |
| Sumario, etc. |
Este estudio analiza las congruencias y discrepancias entre lo que los profesores piensan acerca de la evaluación y feedback con uso de las Tecnologías de la Información y Comunicación (TIC) y lo que, finalmente concretan en sus prácticas, en un contexto poco estudiado como es la Educación Secundaria Obligatoria (ESO). Participaron dos profesoras, una de matemáticas y otra, de inglés. Los resultados muestran más congruencias que discrepancias entre las creencias de las profesoras y sus prácticas evaluativas. Además, las congruencias relacionadas con el polo pedagógico de la evaluación se hayan influenciadas por dos factores clave: la amplia formación docente y la existencia de un contexto favorable. |
| 650 #7 - ASIENTO SECUNDARIO DE MATERIA - TERMINO TEMATICO |
| Término de materia o nombre geográfico como elemento de entrada |
Educación secundaria |
| Fuente del encabezamiento o término |
|
| 9 (RLIN) |
4281 |
| 650 #2 - ASIENTO SECUNDARIO DE MATERIA - TERMINO TEMATICO |
| 9 (RLIN) |
25220 |
| Término de materia o nombre geográfico como elemento de entrada |
Evaluación formativa |
| 650 #4 - ASIENTO SECUNDARIO DE MATERIA - TERMINO TEMATICO |
| Término de materia o nombre geográfico como elemento de entrada |
Tecnologías de la información y comunicación |
| 9 (RLIN) |
21219 |
| 653 0# - TERMINO DE INDIZACION - NO CONTROLADO |
| Término no controlado |
Percepción docente |
| 773 ## - ENLACE AL DOCUMENTO FUENTE/ENTRADA DE REGISTRO ANFITRIÓN |
| Parte(s) relacionada(s) |
Vol. 54, no. 2 (2015), p. 126-149 |
| Título |
Perspectiva educacional: formación de profesores |
| Número Internacional Normalizado para Publicaciones Seriadas |
0718-9729 |
| 856 4# - LOCALIZACIÓN Y ACCESO ELECTRÓNICOS |
| Identificador Uniforme del Recurso |
<a href="http://www.perspectivaeducacional.cl/index.php/peducacional/article/viewFile/354/170">http://www.perspectivaeducacional.cl/index.php/peducacional/article/viewFile/354/170</a> |
| 902 ## - ELEMENTOS DE DATOS B LOCAL, LDB (RLIN) |
| Creó |
Leonor Sotres |
| Modificó |
Leonor Sotres/180123/M |
| 905 ## - TIPO DE MATERIAL |
| Tipo de material |
Articulo |
| 942 ## - ELEMENTOS DE PUNTO DE ACCESO ADICIONAL (KOHA) |
| Tipo de ítem Koha |
Artículo Electrónico |